Psicología y derechos humanos / (Record no. 77474)

MARC details
000 -LEADER
campo de control de longitud fija 01479nam a2200361 i 4500
001 - NÚMERO DE CONTROL
campo de control 77474
003 - IDENTIFICADOR DE NÚMERO DE CONTROL
campo de control ES-MaACL
005 - FECHA Y HORA DE LA ÚLTIMA TRANSACCIÓN
campo de control 20250822035247.0
007 - CAMPO FIJO DE DESCRIPCIÓN FÍSICA--INFORMACIÓN GENERAL
campo de control de longitud fija t|
008 - DATOS DE LONGITUD FIJA--INFORMACIÓN GENERAL
campo de control de longitud fija 041018s2004 sp ||||1| spa d
020 ## - NÚMERO INTERNACIONAL ESTÁNDAR DEL LIBRO
Número Internacional Estándar del Libro 84-7426-691-2
080 ## - NÚMERO DE LA CLASIFICACIÓN DECIMAL UNIVERSAL
Número de la Clasificación Decimal Universal 316.6
080 ## - NÚMERO DE LA CLASIFICACIÓN DECIMAL UNIVERSAL
Número de la Clasificación Decimal Universal 342.7
245 00 - MENCIÓN DEL TÍTULO
Título Psicología y derechos humanos /
Mención de responsabilidad, etc. Luis de la Corte, Amalio Blanco, José Manuel Sabucedo (eds.) ; prólogo de Federico Mayor Zaragoza.
260 ## - PUBLICACIÓN, DISTRIBUCIÓN, ETC.
Lugar de publicación, distribución, etc. Barcelona :
Nombre del editor, distribuidor, etc. Icaria,
Fecha de publicación, distribución, etc. [2004]
300 ## - DESCRIPCIÓN FÍSICA
Extensión 501 p. :
Otras características físicas gráf. ;
Dimensiones 22 cm.
490 1# - MENCIÓN DE SERIE
Mención de serie Icaria antrazyt ;
Designación de volumen o secuencia 202. Paz y conflictos
500 ## - NOTA GENERAL
Nota general En port.: Fundación Cultura de la Paz.
504 ## - NOTA DE BIBLIOGRAFÍA, ETC.
Nota de bibliografía, etc. Incluye referencias bibliográficas.
505 8# - NOTA DE CONTENIDO CON FORMATO
Nota de contenido con formato Incluye: Declaración universal de los derechos humanos, p. 495-501
650 17 - PUNTO DE ACCESO ADICIONAL DE MATERIA--TÉRMINO DE MATERIA
Término de materia o nombre geográfico como elemento de entrada Psicología social
Fuente del encabezamiento o término embne
9 (RLIN) 16573
650 17 - PUNTO DE ACCESO ADICIONAL DE MATERIA--TÉRMINO DE MATERIA
Término de materia o nombre geográfico como elemento de entrada Derechos humanos
Fuente del encabezamiento o término embne
9 (RLIN) 11770
700 1# - ENTRADA AGREGADA--NOMBRE PERSONAL
Nombre de persona Corte Ibáñez, Luis de la.
9 (RLIN) 40835
700 1# - ENTRADA AGREGADA--NOMBRE PERSONAL
Nombre de persona Blanco Abarca, Amalio.
9 (RLIN) 29213
700 1# - ENTRADA AGREGADA--NOMBRE PERSONAL
Nombre de persona Sabucedo, J. M.
9 (RLIN) 101221
700 1# - ENTRADA AGREGADA--NOMBRE PERSONAL
Nombre de persona Mayor Zaragoza, Federico,
Fechas asociadas al nombre 1934-2024
9 (RLIN) 79415
710 2# - ENTRADA AGREGADA--NOMBRE DE ENTIDAD CORPORATIVA
Nombre de entidad corporativa o nombre de jurisdicción como elemento de entrada Naciones Unidas.
Unidad subordinada Asamblea General.
Título de la obra Declaración universal de los derechos humanos.
9 (RLIN) 5958
740 02 - ENTRADA AGREGADA--TÍTULO RELACIONADO/ANALÍTICO NO CONTROLADO
Título relacionado o analítico no controlado Declaración universal de los derechos humanos.
830 1# - PUNTO DE ACCESO ADICIONAL DE SERIE-TÍTULO UNIFORME
Título uniforme Icaria antrazyt
Designación de volumen o secuencia 202. Paz y conflictos
9 (RLIN) 177286
852 4# - LOCALIZACIÓN
Ubicación ES-MaACL
Número de control de estantería L-28272
Nota libre - Donat. Ernesto García Camarero
852 4# - LOCALIZACIÓN
Ubicación ES-MaACL
Número de control de estantería L-28002
Nota libre - Donat. Ernesto García Camarero
Holdings
Estatus retirado Estado de pérdida Estado de daño No para préstamo Biblioteca de origen Biblioteca actual Ubicación en estantería Fecha de adquisición Fuente de adquisición Total de préstamos Signatura topográfica completa Código de barras Visto por última vez Precio de reemplazo Tipo de ítem Koha
        Biblioteca del Ateneo de Madrid Biblioteca del Ateneo de Madrid Depósito 2 17/01/2008     L-28002 1081057 23/02/2023 23/02/2023 Libro impreso
        Biblioteca del Ateneo de Madrid Biblioteca del Ateneo de Madrid Depósito 2 17/01/2008     L-28272 1081056 23/02/2023 23/02/2023 Libro impreso